000 00279nam a22001097a 4500
008 170110b xxu||||| |||| 00| 0 eng d
020 _a9780803618343
041 _aeng
080 _27TH
_a618.2
245 _aNURSING DIAGNOSIS IN PSYCHIATRIC NURSING
_cTOWNSEND, M.C
942 _2udc
_cBK
999 _c2639
_d2639